00243nam a2200109Ia 4500008004100000041001200041082001100053100001600064245004100080260000600121650000600127221030s9999 xx 000 0 und d aEnglish a105.23 aB. H. Mohan 0aUniversity Chemistrycby B. H. Mohan c0 aB